The farm and garden essays.

Bibliographic Details
Format: Book
Language:English
Published: London : Groombridge & Sons, 1852.
Subjects:

MARC

Tag First Indicator Second Indicator Subfields
LEADER 00000cam a2200000Ka 4500
001 in00002724913
005 20151202144435.0
008 991005s1852 enk 000 0 eng d
035 |a (OCoLC)ocm42563344 
035 |a (OCoLC)42563344 
040 |a TYC  |c TYC  |d OCL  |d TXA  |d UtOrBLW 
049 |a TXAM 
090 |a SB318  |b .F37 1852 
245 0 4 |a The farm and garden essays. 
264 1 |a London :  |b Groombridge & Sons,  |c 1852. 
300 |a var. pagings, 1 unnumbered leaf of plate :  |b illustrations ;  |c 19 cm. 
336 |a text  |b txt  |2 rdacontent 
337 |a unmediated  |b n  |2 rdamedia 
338 |a sheet  |b nb  |2 rdacarrier 
500 |a [2] pages publisher's advertisement at end. 
505 0 |a Cultivation of arable land--Rearing and management of poultry--The garden frame--Annuals for the flower garden--Fruit trees and fruit-bearing shrubs--Cattle--The greenhouse-its construction and management--The horse. 
650 0 |a Gardening. 
948 |a cataloged  |b h  |c 2011/11/29  |d c  |e hgolay  |f 11:07:44 am 
994 |a C0  |b TXA 
999 |a MARS 
999 f f |s 2518e46a-c18c-3e4c-be78-1c109890d134  |i 9593cb29-0efd-36bd-a9da-1acbfe146d00  |t 0 
952 f f |p noncirc  |a Texas A&M University  |b College Station  |c Cushing Memorial Library & Archives  |d Cushing: Dykes (Does not check out)  |t 0  |e SB318 .F37 1852  |h Library of Congress classification  |i unmediated -- sheet  |m A14851871666 
998 f f |a SB318 .F37 1852  |t 0  |l Cushing: Dykes (Does not check out)